GP Explorer 2 - Classement de la course - Statistiques

Statistiques générales
  • Ce quiz a été pris 168 fois
  • Le résultat moyen est 19 sur 24
Statistiques - réponses
Rang Pilotes Écuries % Correct
3e 43 Étienne Moustache Wargaming
95%
7e 14 Squeezie Gentle Mates
95%
2e 1 Sylvain Levy NordVPN Vilebrequin
95%
Abd. 97 Maxime Biaggi Mouv'
91%
11e 7 Gotaga Gentle Mates
90%
14e 15 Djilsi Alpine
87%
8e 49 Amixem Wargaming
86%
1er 64 Depielo Racers by Alpine
85%
12e 38 Mister V Subway
85%
6e 10 Pierre Chabrier NordVPN Vilebrequin
85%
Abd. 19 SCH Samsung
85%
4e 94 LeBouseuh Overwatch 2
78%
13e 23 Theodort Alpine
78%
18e 31 Maghla Rhinoshield
76%
5e 16 Ana On Air Mouv'
72%
10e 27 Kaatsup Overwatch 2
72%
Abd. 11 Manon Lanza Racers by Alpine
71%
Abd. 8 Billy Crunchyroll
69%
15e 3 Seb Rhinoshield
68%
17e 28 Baghera Jones Cupra
67%
9e 13 Soso Maness Samsung
66%
16e 98 Théo Juice Subway
64%
19e 66 Horty Cupra
52%
Abd. 92 Kekra Crunchyroll
50%
Aucun quiz correspondant
Distribution des résultats
% des personnes avec chaque résultat
Percentile par nombre de réponses
Votre historique - résultats
Vous n’avez pas pris ce quiz